00622nam a2200193Ia 4500008004100000050001700041050001600058100002900074245011500103245002900218260003100247260001000278260001000288300001500298300002000313300001100333500005600344521002800400170504s9999 xx 000 0 und d aHF 5415.335  b.At872 2016 aAtienza, Hannah Grace S. aFactors that contribute to brand equity of JML hair straightener (SM Southmall) as perceived bt its customer / cHannah Grace S. Atienza. aLas Piñas, Philippines : bSISC, c2016. a49 pages : billustrations ; c28 cm. aIncludes bibliographical references and appendices. aBusiness Administration